High voltage integrated circuits (Record no. 66873)

000 -LEADER
fixed length control field 00441nam a22001697a 4500
003 - CONTROL NUMBER IDENTIFIER
control field NUST - PNEC
005 - DATE AND TIME OF LATEST TRANSACTION
control field 20170116181006.0
008 - FIXED-LENGTH DATA ELEMENTS--GENERAL INFORMATION
fixed length control field 150911b xxu||||| |||| 00| 0 eng d
020 ## - INTERNATIONAL STANDARD BOOK NUMBER
International Standard Book Number 0879422424
040 ## - CATALOGING SOURCE
Transcribing agency LIBRARY
082 ## - DEWEY DECIMAL CLASSIFICATION NUMBER
Classification number 621.381 BAL
100 ## - MAIN ENTRY--PERSONAL NAME
9 (RLIN) 9264
Personal name Baliga, B. Jayant
245 ## - TITLE STATEMENT
Title High voltage integrated circuits
Statement of responsibility, etc. B. Jayant Baliga
260 ## - PUBLICATION, DISTRIBUTION, ETC.
Date of publication, distribution, etc. c.1988
650 ## - SUBJECT ADDED ENTRY--TOPICAL TERM
9 (RLIN) 1730
Topical term or geographic name entry element Power electronics
General subdivision EL, EE
942 ## - ADDED ENTRY ELEMENTS (KOHA)
Source of classification or shelving scheme
Koha item type Book
Holdings
Withdrawn status Lost status Source of classification or shelving scheme Damaged status Not for loan Permanent Location Current Location Shelving location Date acquired Total Checkouts Full call number Barcode Date last seen Cost, replacement price Price effective from Koha item type
          Pakistan Navy Engineering College (PNEC) Pakistan Navy Engineering College (PNEC)       621.381 BAL PNECLIB-025408 09/12/2015 0.00 09/12/2015 Book
© 2023 Central Library, National University of Sciences and Technology. All Rights Reserved.